000 02214nam0a2200361 4500
001 RU\NLR\bibl\1452824
005 20260405194755.0
010 _a978-5-9912-0110-0
_91000
021 _aRU
_b2009-88237
_95556
035 _a(nilc)RSL-KNO-004406200
035 _a(NLR Aleph) 001444633
090 _a1484706
_c1484706
100 _a20091027d2009 |||y0rusy50 ca
101 0 _arus
102 _aRU
105 _aa |||||||||
200 1 _aАутентификация
_eтеория и практика обеспечения безопасного доступа к информационным ресурсам : учебное пособие для студентов высших учебных заведений, обучающихся по специальностям 090102 - "Компьютерная безопасность", 090105 - "Комплексное обеспечение информационной безопасности автоматизированных систем"
_f[А. А. Афанасьев и др.]
_gпод ред.: А. А. Шелупанова и др.
210 _aМосква
_cГорячая линия - Телеком
_d2009
215 _a550 с., [2] л. цв. ил.
_cил.
_d25
606 1 _aВычислительные системы
_jУчебные издания для высших учебных заведений
_xЗащита информации
_xАутентификация
_92281537
_3RU\NLR\auth\661366902
610 0 _aаутентификация
610 0 _aзащита информации
686 _aЗ973.26-014я73-1
_2rubbk
686 _aЗ973.202-018-07я73-1
702 1 _4340
_aШелупанов
_bА. А.
_cд-р техн. наук, канд. физ.-мат. наук
_f1954-
_gАлександр Александрович
_9218193
_3RU\NLR\AUTH\770218249
702 1 _4220
_7ca
_8rus
_aАфанасьев
_bА. А.
_cспециалист по информ. безопасности
_gАлексей Алексеевич
_969406
_3RU\NLR\auth\7786478
801 0 _aRU
_bРКП
_c20091027
_grcr
801 1 _aRU
_bРГБ
_c20091027
801 2 _aRU
_bNLR
_c20091216
_grcr
942 _cBOOK
980 _aNB